01591cam a2200373 i 450000100090000000300040000900500170001300800410003001000170007102000180008802000150010602500270012103500240014803500210017203700530019304000310024604200210027704300120029805000230031008200220033310000170035524500800037226400360045230000280048833600210051633700270053733800230056450000800058750400670066750504000073465000280113465100300116270000250119217712248OSt20200609142131.0100505s2010 ii b 001 e eng d a 2013316924 a9788130910154 a8130910152 aI-E-2013-316924; 56-91 a(OCoLC)ocn613935230 a(OCoLC)613935230 aLibrary of Congress -- New Delhi Overseas Office aDKAGEbengcoclcdDLCerda alccopycatalcode aa-ii---00aDS442.2b.W38 201004a355.020954bROY/W aRoy, Kaushik00aWarfare, state, and society in South Asia, 500 BCE-2005 CE /c Kaushik Roy. 1aNew Delhi :bViva Books,c2010. axix, 719 pages ;c24 cm atext2rdacontent aunmediated2rdacontent avolume2rdacarrier aContributed articles chiefly with reference to India; previously published. aIncludes bibliographical references (pages 675-685) and index.0 asection 1. Ancient Indian warfare from 300 BCE-600 CE : ritual combat or lethal battle -- section 2. The demigods on horses? Warfare in medieval India, 900 CE-1700 CE -- section 3. A military revolution in early modern India, 1740-1849? -- section 4. Military confrontation and collaboration in British India, 1857-1947 -- section 5. Colonial continuity and post-colonial innovations, 1947-2005. 0aWar and societyzIndia. 0aIndiaxHistory, Military.1 aRoy, Kaushik,d1971-